[Event "PokerStars IoM Masters 2014"]
[Site "Douglas ENG"]
[Date "2014.10.08"]
[Round "5.32"]
[White "Hill, Alistair"]
[Black "Groffen, Hans"]
[Result "1-0"]
[WhiteElo "2102"]
[BlackElo "2161"]
[WhiteFideId "432407"]
[BlackFideId "1004140"]
[EventDate "2014.10.04"]

1. e4 e6 2. d4 d5 3. Nd2 Nf6 4. e5 Nfd7 5. Bd3 c5 6. c3 Nc6 7. Ne2 cxd4 8. cxd4
f6 9. exf6 Nxf6 10. O-O Bd6 11. Nf3 O-O 12. Bf4 Nh5 13. Bxd6 Qxd6 14. Bb5 Bd7
15. Rc1 Nf4 16. Nxf4 Qxf4 17. Re1 Rf6 18. Qd2 Qxd2 19. Nxd2 Raf8 20. f3 Be8 21.
Bxc6 Bxc6 22. Nb3 Kf7 23. Na5 Rc8 24. Rc3 Rf4 25. Rd1 Ke7 26. g3 Rff8 27. Rdc1
Kd7 28. Kf2 g5 29. Ke3 Rf6 30. b4 a6 31. a4 Rcf8 32. Kf2 Ke8 33. Re3 Kd7 34.
Rec3 Ke8 35. Re3 Kd7 36. Nb3 Kd6 37. a5 h5 38. Nc5 h4 39. Rce1 Re8 40. Kg2 hxg3
41. hxg3 Rg6 42. Re5 Re7 43. R1e3 Be8 44. Re1 Bb5 45. Rh1 Rf7 46. Rh5 Rfg7 47.
Kh2 Bc4 48. Kg2 Bb5 49. Kf2 Bc6 50. Ke2 Bb5+ 51. Ke3 Be8 52. Rh8 Bc6 53. Kf2 Rf7
54. Re3 Bb5 55. Rd8+ Bd7 56. Rc3 Rgf6 57. Nxb7+ Ke7 58. Rg8 Rf5 59. Nc5 Kf6 60.
Nd3 Re7 61. g4 Kf7 62. Rd8 1-0

[Event "PokerStars IoM Masters 2014"]
[Site "Douglas ENG"]
[Date "2014.10.08"]
[Round "5.33"]
[White "Llewellyn, Alan M"]
[Black "Tolhuizen, Ludo"]
[Result "0-1"]
[WhiteElo "1555"]
[BlackElo "2117"]
[WhiteFideId "422479"]
[BlackFideId "1000802"]
[EventDate "2014.10.04"]

1. c4 e6 2. Nc3 c5 3. e4 Nc6 4. g3 g6 5. Bg2 Bg7 6. Nge2 Nge7 7. O-O O-O 8. d3
a6 9. Be3 Nd4 10. Bxd4 cxd4 11. Nb1 d5 12. Na3 dxe4 13. Bxe4 e5 14. Nc2 Bh3 15.
Bg2 Qd7 16. f4 Bxg2 17. Kxg2 b5 18. fxe5 Bxe5 19. Nf4 bxc4 20. dxc4 Qc6+ 21. Nd5
Nxd5 22. cxd5 Qxd5+ 23. Qf3 Qxf3+ 24. Rxf3 d3 25. Rxd3 Bxb2 26. Rad1 Rfe8 27.
R1d2 Bc1 28. Rf2 Rad8 29. Rxd8 Rxd8 30. Nb4 Rd6 31. Kf3 a5 32. Nc2 a4 33. Ke4 a3
34. g4 Kg7 35. Nd4 Bb2 36. Nb3 Rb6 37. Nd2 Rb4+ 38. Kf3 Bd4 39. Re2 Rb2 40. Nb3
Rxb3+ 0-1

[Event "PokerStars IoM Masters 2014"]
[Site "Douglas ENG"]
[Date "2014.10.08"]
[Round "5.35"]
[White "Smith, Graham"]
[Black "Walton, Alan J"]
[Result "1/2-1/2"]
[BlackTitle "CM"]
[WhiteElo "2073"]
[BlackElo "2123"]
[WhiteFideId "410985"]
[BlackFideId "409898"]
[EventDate "2014.10.04"]

1. Nf3 f5 2. g3 Nf6 3. Bg2 d6 4. d4 e6 5. O-O Be7 6. c4 O-O 7. b4 Ne4 8. Bb2 Bf6
9. Nfd2 Nxd2 10. Qxd2 e5 11. dxe5 dxe5 12. Rd1 Qxd2 13. Nxd2 c6 14. e4 fxe4 15.
Nxe4 Bg4 16. Rd2 a5 17. b5 Be6 18. Nd6 Rd8 19. Rad1 Ra7 20. b6 Ra6 21. c5 Rd7
22. Bf1 Ra8 23. Bc4 Bxc4 24. Nxc4 Rxd2 25. Rxd2 Na6 26. Ba3 Be7 27. Re2 Rd8 28.
Nxa5 Bxc5 29. Bxc5 Nxc5 30. Rxe5 Rd1+ 31. Kg2 Nd7 32. Re2 Nxb6 33. Nxb7 Nd5 34.
Nc5 Nb4 35. a3 Nd5 36. a4 Rc1 37. Nb3 Rc3 38. Rb2 Rc4 39. Ra2 Nb4 40. Ra1 Nc2
41. Rc1 Rc3 42. a5 c5 43. a6 Rxb3 44. Rxc2 Ra3 1/2-1/2

[Event "PokerStars IoM Masters 2014"]
[Site "Douglas ENG"]
[Date "2014.10.08"]
[Round "5.36"]
[White "Klein, Gernot"]
[Black "Van Den Bersselaar, Jeroen"]
[Result "1/2-1/2"]
[WhiteElo "2000"]
[BlackElo "2119"]
[WhiteFideId "4695496"]
[BlackFideId "1006282"]
[EventDate "2014.10.04"]

1. e4 c6 2. d4 d5 3. Nd2 dxe4 4. Nxe4 Bf5 5. Ng3 Bg6 6. h4 h6 7. Nf3 Nd7 8. h5
Bh7 9. Bd3 Bxd3 10. Qxd3 e6 11. Bd2 Ngf6 12. O-O-O Be7 13. Kb1 Qb6 14. Ne4 Rd8
15. Nxf6+ Nxf6 16. Qe2 c5 17. c3 O-O 18. g4 Nxg4 19. Rhg1 f5 20. Ne5 Nxe5 21.
Qxe5 Bf6 22. Qxc5 Qxc5 23. dxc5 e5 24. Kc2 Kf7 25. Bc1 Ke6 26. b3 e4 27. Bf4
Rxd1 28. Rxd1 Rd8 29. Rd6+ Rxd6 30. Bxd6 Bh4 31. Bg3 Be7 32. b4 Kd5 33. Kb3 Bg5
34. Bb8 a6 35. c4+ Kc6 36. Be5 f4 37. Kc2 f3 38. Kd1 Bh4 39. Bd4 Kd7 40. Ke1 Bg5
41. a4 Bf6 42. Bxf6 gxf6 43. Kd2 Kc6 44. Ke3 a5 45. bxa5 Kxc5 46. Kxe4 Kxc4 47.
Kf5 Kd3 48. Kg6 Ke2 49. Kxh6 Kxf2 50. Kg7 Ke3 51. h6 f2 52. h7 f1=Q 53. h8=Q
Qg2+ 54. Kf8 1/2-1/2

[Event "PokerStars IoM Masters 2014"]
[Site "Douglas ENG"]
[Date "2014.10.09"]
[Round "6.2"]
[White "Sargissian, Gabriel"]
[Black "Marin, Mihail"]
[Result "1-0"]
[WhiteTitle "GM"]
[BlackTitle "GM"]
[WhiteElo "2690"]
[BlackElo "2583"]
[WhiteFideId "13300881"]
[BlackFideId "1200020"]
[EventDate "2014.10.04"]

1. d4 d5 2. c4 e6 3. Nc3 Nf6 4. Nf3 c5 5. cxd5 Nxd5 6. e4 Nxc3 7. bxc3 cxd4 8.
cxd4 Bb4+ 9. Bd2 Bxd2+ 10. Qxd2 O-O 11. Bc4 Nd7 12. O-O b6 13. a4 Bb7 14. Rfe1
Rc8 15. Bd3 a5 16. Rad1 h6 17. Qb2 Qe7 18. Bb5 Nf6 19. Nd2 Qb4 20. Qxb4 axb4 21.
f3 Bc6 22. Bxc6 Rxc6 23. Rb1 Rc2 24. Red1 Rfc8 25. Rxb4 Ra2 26. Nc4 Nd7 27. d5
exd5 28. exd5 Ra8 29. Nxb6 Nxb6 30. Rxb6 Re8 31. Rb4 Ree2 32. Rg4 f5 33. Rg3
Rxa4 34. d6 Ra8 35. d7 Rd8 36. Rg6 Kf7 37. Rgd6 Re6 38. R6d5 Kf6 39. h4 Re5 40.
R5d4 g5 41. Kh2 Re7 42. Kg3 Re6 43. Rd5 Re7 44. Rd6+ Re6 45. hxg5+ hxg5 46.
Rxe6+ Kxe6 47. f4 g4 48. Kh4 Kf6 49. Rd6+ Ke7 50. Rg6 Rh8+ 51. Kg5 Rh2 52. Rd6 1-0

[Event "PokerStars IoM Masters 2014"]
[Site "Douglas ENG"]
[Date "2014.10.09"]
[Round "6.4"]
[White "Hawkins, Jonathan"]
[Black "Fridman, Daniel"]
[Result "1/2-1/2"]
[WhiteTitle "IM"]
[BlackTitle "GM"]
[WhiteElo "2533"]
[BlackElo "2635"]
[WhiteFideId "412686"]
[BlackFideId "11600454"]
[EventDate "2014.10.04"]

1. d4 Nf6 2. c4 e6 3. Nc3 d5 4. Nf3 Be7 5. Bg5 h6 6. Bh4 O-O 7. e3 Ne4 8. Bxe7
Qxe7 9. Rc1 c6 10. Bd3 Nxc3 11. Rxc3 dxc4 12. Bxc4 Nd7 13. Qc2 b6 14. Bd3 Nf6
15. e4 Bb7 16. O-O Rac8 17. Rc1 c5 18. dxc5 Rxc5 19. Rxc5 Qxc5 20. Qxc5 bxc5 21.
Ne5 Bxe4 22. Bxe4 Nxe4 23. f3 Nf6 24. Rxc5 Rd8 25. Rc2 Rd1+ 26. Kf2 Nd5 27. a3
a5 28. Nc4 a4 29. Ne3 Rd3 30. Nxd5 exd5 1/2-1/2

[Event "PokerStars IoM Masters 2014"]
[Site "Douglas ENG"]
[Date "2014.10.09"]
[Round "6.5"]
[White "Howell, David W L"]
[Black "Adams, Michael"]
[Result "1-0"]
[WhiteTitle "GM"]
[BlackTitle "GM"]
[WhiteElo "2657"]
[BlackElo "2758"]
[WhiteFideId "410608"]
[BlackFideId "400041"]
[EventDate "2014.10.04"]

1. e4 e5 2. Nf3 Nc6 3. Bb5 a6 4. Ba4 Nf6 5. O-O Be7 6. Re1 b5 7. Bb3 O-O 8. a4
b4 9. d4 d6 10. dxe5 dxe5 11. Nbd2 Bc5 12. a5 h6 13. Bc4 Be6 14. Qe2 Nd4 15.
Nxd4 Bxc4 16. Nxc4 Bxd4 17. Be3 Re8 18. f3 Nh5 19. g3 Qg5 20. Kf1 Qf6 21. Rad1
Rad8 22. Rd2 g5 23. Red1 Ng7 24. Rd3 g4 25. f4 h5 26. Bxd4 exd4 27. Qg2 Qc6 28.
Ne5 Qb5 29. b3 c5 30. Nc4 Qb7 31. Re1 Re6 32. Rd2 Rde8 33. e5 Qxg2+ 34. Rxg2 Nf5
35. Ke2 Kg7 36. Kd3 Kg6 37. Rh1 f6 38. Re1 fxe5 39. Rxe5 Rxe5 40. fxe5 Kg5 41.
Rf2 Rd8 42. Ke4 Ne3 43. e6 Nxc4 44. bxc4 d3 45. cxd3 Rd4+ 46. Ke5 Rxd3 47. e7
Re3+ 48. Kd6 b3 49. Kd7 Rd3+ 50. Ke6 1-0

[Event "PokerStars IoM Masters 2014"]
[Site "Douglas ENG"]
[Date "2014.10.09"]
[Round "6.6"]
[White "Fressinet, Laurent"]
[Black "Kobo, Ori"]
[Result "1-0"]
[WhiteTitle "GM"]
[BlackTitle "FM"]
[WhiteElo "2713"]
[BlackElo "2380"]
[WhiteFideId "608742"]
[BlackFideId "2812320"]
[EventDate "2014.10.04"]

1. Nf3 g6 2. e4 Bg7 3. d4 d6 4. Nc3 Nf6 5. Be3 c6 6. Qd2 b5 7. Bd3 Nbd7 8. h3
Qc7 9. Ne2 Rb8 10. Ng3 c5 11. c3 O-O 12. O-O e5 13. b4 c4 14. Bc2 d5 15. Nxe5
Nxe5 16. dxe5 Nxe4 17. Nxe4 dxe4 18. Bc5 Qxe5 19. Bd6 Rd8 20. Bxe5 Rxd2 21. Bxb8
Rxc2 22. Rad1 Bf6 23. Bxa7 Be6 24. Bd4 Bxd4 25. Rxd4 Rxc3 26. Rxe4 Rc2 27. a3 c3
28. Re3 Kg7 29. g4 Bd5 30. Rfe1 Bc4 31. g5 h6 32. h4 Kh7 33. Kg2 Kg7 34. Kg3 Kh7
35. Rf3 Bd5 36. Rfe3 Bc4 37. f3 Kg7 38. Rh1 Be6 39. Kf4 Bc4 40. gxh6+ Kxh6 41.
Ke4 Kh5 42. Kd4 Rd2+ 43. Kxc3 Ra2 44. Kd4 Rd2+ 45. Kc5 Rd5+ 46. Kb6 Rd4 47. Re8
Kh6 48. Rhe1 Kg7 49. R8e4 Rd6+ 50. Kc7 Ra6 51. R1e3 1-0

[Event "PokerStars IoM Masters 2014"]
[Site "Douglas ENG"]
[Date "2014.10.09"]
[Round "6.7"]
[White "Boruchovsky, Avital"]
[Black "Short, Nigel D"]
[Result "0-1"]
[WhiteTitle "GM"]
[BlackTitle "GM"]
[WhiteElo "2501"]
[BlackElo "2646"]
[WhiteFideId "2800055"]
[BlackFideId "400025"]
[EventDate "2014.10.04"]

1. e4 c5 2. Nf3 d6 3. Bb5+ Bd7 4. Bxd7+ Nxd7 5. O-O Ngf6 6. Re1 g6 7. c3 Bg7 8.
d4 O-O 9. h3 Qb6 10. d5 Rfe8 11. c4 e6 12. dxe6 Rxe6 13. Nc3 Rae8 14. Qc2 Qc6
15. Nd2 Nh5 16. b3 f5 17. Bb2 Ndf6 18. f3 g5 19. Red1 Nf4 20. Nd5 Qd7 21. Nxf4
gxf4 22. e5 Nh5 23. Qxf5 Ng3 24. Qd3 Bxe5 25. Bxe5 Rxe5 26. Ne4 Nxe4 27. fxe4
Rxe4 28. Qd5+ Kh8 29. Rd3 Qg7 30. Rf1 b6 31. Qxd6 Rg8 32. g4 fxg3 33. Qf6 Qxf6
34. Rxf6 Re2 35. Rf4 Rxa2 36. Rg4 g2 37. Rxg8+ Kxg8 38. Rd7 h5 39. Rb7 h4 40.
Kh2 Kf8 41. Kg1 Ra3 42. Kxg2 Rxb3 43. Rxa7 Rg3+ 44. Kh2 Rc3 45. Rb7 Rxc4 46.
Rxb6 Ke7 47. Kg2 Rf4 48. Rc6 c4 49. Rh6 Kd7 50. Ra6 c3 51. Ra1 Kd6 52. Rc1 Rc4
53. Kf3 Ke5 54. Ke3 Rc7 55. Rg1 c2 56. Kd2 Kf5 57. Kc1 Rc3 58. Rg8 Rxh3 59. Kxc2
Ra3 60. Rh8 h3 61. Kb2 Rg3 62. Kc2 Kg4 0-1

[Event "PokerStars IoM Masters 2014"]
[Site "Douglas ENG"]
[Date "2014.10.09"]
[Round "6.8"]
[White "Van Foreest, Jorden"]
[Black "Popilski, Gil"]
[Result "0-1"]
[WhiteTitle "IM"]
[BlackTitle "GM"]
[WhiteElo "2466"]
[BlackElo "2493"]
[WhiteFideId "1039784"]
[BlackFideId "2809060"]
[EventDate "2014.10.04"]

1. e4 c5 2. Nf3 d6 3. Bb5+ Nd7 4. O-O a6 5. Bd3 Ngf6 6. c3 b5 7. Bc2 Bb7 8. Qe2
e5 9. d4 cxd4 10. cxd4 Be7 11. Rd1 Qc7 12. Nc3 Rc8 13. a3 O-O 14. Bg5 Rfe8 15.
Rac1 Qb8 16. Bh4 exd4 17. Nxd4 g6 18. Qf3 Qa8 19. Re1 Ne5 20. Qh3 Rc4 21. Rcd1
Qa7 22. Nb3 Bc8 23. Qe3 Qxe3 24. Rxe3 Nfg4 25. Rh3 Nf6 26. Bxf6 Bxf6 27. Re3 Be6
28. Rxd6 Rcc8 29. Na5 Red8 30. Rd1 Rxd1+ 31. Bxd1 Bd8 32. b4 Bg5 33. Rg3 Bf4 34.
Ne2 Rd8 35. Bc2 Bxg3 36. Nxg3 Rc8 37. Bb3 Rc1+ 38. Nf1 Nc4 0-1

[Event "PokerStars IoM Masters 2014"]
[Site "Douglas ENG"]
[Date "2014.10.09"]
[Round "6.9"]
[White "Arkell, Keith C"]
[Black "Gupta, Abhijeet"]
[Result "0-1"]
[WhiteTitle "GM"]
[BlackTitle "GM"]
[WhiteElo "2450"]
[BlackElo "2640"]
[WhiteFideId "400270"]
[BlackFideId "5010608"]
[EventDate "2014.10.04"]

1. d4 Nf6 2. Nf3 g6 3. c4 Bg7 4. Nc3 O-O 5. g3 d6 6. Bg2 Nbd7 7. O-O e5 8. e4
exd4 9. Nxd4 Re8 10. h3 a6 11. Re1 Rb8 12. Rb1 Ne5 13. b3 c5 14. Nc2 b5 15. cxb5
axb5 16. f4 Ned7 17. Qxd6 Nh5 18. Qd3 c4 19. Qe3 cxb3 20. Rxb3 Nb6 21. Rd1 Qc7
22. Nd4 b4 23. Nce2 Ba6 24. e5 Rbd8 25. Re1 Bf8 26. Qe4 Bc4 27. Rb2 Na4 28. Rc2
Nc3 29. Qc6 Nxe2+ 30. Nxe2 Qa7+ 31. Kh2 Bd5 32. Qb5 Qf2 33. Rg1 Be4 34. Rd2 Bc5
35. Qc4 Rxd2 36. Bxd2 Nxg3 37. Be1 Qxg2+ 38. Rxg2 Nf1+ 0-1

[Event "PokerStars IoM Masters 2014"]
[Site "Douglas ENG"]
[Date "2014.10.09"]
[Round "6.10"]
[White "Greenfeld, Alon"]
[Black "L'Ami, Alina"]
[Result "1-0"]
[WhiteTitle "GM"]
[BlackTitle "IM"]
[WhiteElo "2542"]
[BlackElo "2386"]
[WhiteFideId "2800039"]
[BlackFideId "1210246"]
[EventDate "2014.10.04"]

1. d4 Nf6 2. c4 g6 3. Nc3 Bg7 4. g3 O-O 5. Bg2 d6 6. Nf3 c6 7. O-O Bf5 8. Ne1
Be6 9. b3 d5 10. Nd3 dxc4 11. Nf4 Bc8 12. bxc4 g5 13. Nh3 h6 14. Rb1 Ne8 15. Ba3
Qxd4 16. Ne4 f5 17. Bxe7 fxe4 18. Bxf8 Qxd1 19. Rbxd1 Kxf8 20. f4 g4 21. Nf2 e3
22. Ne4 Bf5 23. Rd8 Bd7 24. Rd1 Ke7 25. R1xd7+ Nxd7 26. Rxa8 Bd4 27. c5 Nxc5 28.
Rxa7 Nd6 29. Nxd6 Kxd6 30. Ra8 Nd7 31. Kf1 Nf6 32. Ke1 b6 33. Rc8 Nd5 34. Bxd5
Kxd5 35. Kd1 h5 36. Kc2 b5 37. Kd3 Bb6 38. Rh8 c5 39. Rxh5+ Kc6 40. Rh6+ Kc7 41.
Kxe3 1-0

[Event "PokerStars IoM Masters 2014"]
[Site "Douglas ENG"]
[Date "2014.10.09"]
[Round "6.11"]
[White "Givon, Asaf"]
[Black "Hebden, Mark L"]
[Result "1/2-1/2"]
[WhiteTitle "IM"]
[BlackTitle "GM"]
[WhiteElo "2431"]
[BlackElo "2540"]
[WhiteFideId "2801841"]
[BlackFideId "400084"]
[EventDate "2014.10.04"]

1. e4 e5 2. Nf3 Nc6 3. Bb5 a6 4. Ba4 Nf6 5. O-O Be7 6. Re1 b5 7. Bb3 O-O 8. d4
d6 9. c3 Bg4 10. Be3 Bh5 11. Nbd2 Na5 12. dxe5 dxe5 13. h3 Nd7 14. Bc2 c5 15. g4
Bg6 16. Qe2 Qc7 17. Nf1 Nc4 18. Bc1 Rfe8 19. Ng3 Nf8 20. h4 f6 21. Nf5 Ne6 22.
Bb3 Bf7 23. Bxc4 bxc4 24. Qxc4 Nd4 25. Qd3 c4 26. Nxe7+ Rxe7 27. Qd1 Nxf3+ 28.
Qxf3 Rd8 29. Be3 Rd3 30. h5 Qb7 31. Re2 h6 32. Qg2 Red7 33. f3 Rd8 34. Qf2 Be8
35. Rae1 Ba4 36. Bc1 Bd1 37. Re3 R3d6 38. Kh2 Qc6 39. Rg1 Qa4 40. a3 Qc2 41.
Qxc2 Bxc2 42. Kg2 Kf7 43. Kf2 Ke8 44. Ree1 Re6 45. Re2 Bd3 46. Rd2 a5 47. Rgd1
a4 1/2-1/2

[Event "PokerStars IoM Masters 2014"]
[Site "Douglas ENG"]
[Date "2014.10.09"]
[Round "6.12"]
[White "Harika, Dronavalli"]
[Black "Steinberg, Nitzan"]
[Result "1-0"]
[WhiteTitle "GM"]
[BlackTitle "IM"]
[WhiteElo "2528"]
[BlackElo "2435"]
[WhiteFideId "5015197"]
[BlackFideId "2801795"]
[EventDate "2014.10.04"]

1. c4 c6 2. Nf3 Nf6 3. Nc3 d5 4. e3 e6 5. d4 Nbd7 6. Bd3 dxc4 7. Bxc4 b5 8. Bd3
Bd6 9. O-O O-O 10. Qc2 Bb7 11. a3 a5 12. e4 e5 13. dxe5 Nxe5 14. Nxe5 Bxe5 15.
h3 Qe7 16. Be3 Rfd8 17. Rad1 Rd7 18. Rfe1 g6 19. Ne2 Rad8 20. Bb6 Bc7 21. Bxc7
Rxc7 22. Nc1 Qe5 23. Nb3 a4 24. Nc5 Bc8 25. Bf1 Rxd1 26. Rxd1 Kg7 27. Rc1 Re7
28. Qc3 Nd7 29. Qxe5+ Nxe5 30. f4 Nd7 31. e5 g5 32. Ne4 gxf4 33. Nd6 Nxe5 34.
Nxc8 Rd7 35. Rc2 Kf8 36. Re2 f6 37. Rf2 Rd4 38. Na7 b4 39. axb4 Rxb4 40. Rc2 Rb6
41. Nc8 Rb4 42. Nd6 Ke7 43. Nc4 Ke6 44. Nxe5 fxe5 45. Rxc6+ Kd5 46. Rc2 e4 47.
Kf2 Kd4 48. Be2 h6 49. Bh5 Kd3 50. Re2 Rb6 51. Be8 1-0

[Event "PokerStars IoM Masters 2014"]
[Site "Douglas ENG"]
[Date "2014.10.09"]
[Round "6.13"]
[White "Ansell, Simon T"]
[Black "Tarjan, James E"]
[Result "1/2-1/2"]
[WhiteTitle "IM"]
[BlackTitle "GM"]
[WhiteElo "2370"]
[BlackElo "2525"]
[WhiteFideId "402141"]
[BlackFideId "2000180"]
[EventDate "2014.10.04"]

1. e4 c6 2. d4 d5 3. e5 Bf5 4. Nf3 e6 5. Be2 Nd7 6. O-O Ne7 7. Nbd2 Nc8 8. c3
Be7 9. Ne1 Bg6 10. Nd3 c5 11. Nf4 cxd4 12. cxd4 a6 13. Nxg6 hxg6 14. f4 Na7 15.
Nf3 Qb6 16. a3 f5 17. exf6 gxf6 18. Bd3 Kf7 19. b4 Nb5 20. Bb2 Rac8 21. Rc1 Rxc1
22. Qxc1 Nd6 23. Qc2 f5 24. Qa4 Qd8 25. Rc1 Bf6 26. Qc2 Ke7 27. a4 Nb6 28. Ne5
Bxe5 29. dxe5 Ndc4 30. a5 Nxb2 31. Qxb2 Na8 32. b5 Qxa5 33. bxa6 Rb8 34. Qf2 Qb6
35. Qxb6 Nxb6 36. a7 Ra8 37. Rc7+ Kd8 38. Rxb7 Nc8 39. g4 Rxa7 40. Rxa7 Nxa7 41.
h4 Nc6 42. h5 gxh5 43. gxf5 exf5 44. Bxf5 Nd4 45. Bd3 Ne6 46. f5 Nc5 47. Be2 Nd7
48. Bxh5 1/2-1/2

[Event "PokerStars IoM Masters 2014"]
[Site "Douglas ENG"]
[Date "2014.10.09"]
[Round "6.14"]
[White "Shvayger, Yuliya"]
[Black "Gormally, Daniel W"]
[Result "0-1"]
[WhiteTitle "WIM"]
[BlackTitle "GM"]
[WhiteElo "2306"]
[BlackElo "2488"]
[WhiteFideId "14100126"]
[BlackFideId "406465"]
[EventDate "2014.10.04"]

1. e4 c5 2. Nf3 d6 3. d4 cxd4 4. Nxd4 Nf6 5. Nc3 a6 6. Bg5 e6 7. f4 Be7 8. Qf3
Qc7 9. O-O-O Nbd7 10. g4 b5 11. a3 Rb8 12. Bh4 h6 13. Be1 g5 14. fxg5 hxg5 15.
Bg3 Ne5 16. Bxe5 dxe5 17. Nb3 Rh4 18. h3 b4 19. axb4 Rxb4 20. Bd3 a5 21. Qe3 a4
22. Bb5+ Rxb5 23. Nxb5 Qc4 24. Qxg5 axb3 25. Nc3 Rh8 26. Qxe5 Qc5 27. Qxc5 Bxc5
28. e5 Nd7 29. Ne4 Be3+ 30. Kb1 Ke7 31. Nd6 Ba6 32. Rhe1 Rxh3 33. Nxf7 Rh2 34.
c4 Bd2 35. Rh1 Rxh1 36. Rxh1 Kxf7 37. Rd1 Nxe5 38. Rxd2 Bxc4 39. Rd4 Bd5 40. Kc1
Kg6 41. Kd1 Kg5 42. Ke2 Nxg4 43. Kd3 Kf5 44. Kc3 Nf2 45. Kb4 Ke5 46. Rd2 Ne4 47.
Rd1 Kf4 48. Rd3 Nf2 49. Rd4+ Ke3 50. Rh4 Nd1 51. Rh2 Kd3 52. Kc5 Nxb2 0-1

[Event "PokerStars IoM Masters 2014"]
[Site "Douglas ENG"]
[Date "2014.10.09"]
[Round "6.15"]
[White "Mindlin, Alon"]
[Black "Smith, Bryan G"]
[Result "1/2-1/2"]
[BlackTitle "GM"]
[WhiteElo "2259"]
[BlackElo "2482"]
[WhiteFideId "2800071"]
[BlackFideId "2017083"]
[EventDate "2014.10.04"]

1. d4 Nf6 2. c4 e6 3. Nc3 Bb4 4. e3 b6 5. Bd3 Bb7 6. Nf3 Ne4 7. O-O f5 8. Qc2
Bxc3 9. bxc3 O-O 10. Ne1 Qh4 11. f3 Ng5 12. Qf2 Qxf2+ 13. Rxf2 c5 14. Nc2 Nc6
15. Na3 Nf7 16. Rb1 Ba6 17. Nb5 Rfc8 18. Rc2 Na5 19. a4 Bb7 20. Bd2 Bc6 21. Be1
Bxb5 22. cxb5 d5 23. Re2 Nd6 24. e4 fxe4 25. fxe4 cxd4 26. cxd4 Nac4 27. exd5
exd5 28. Bg3 Re8 29. Rbe1 Rxe2 30. Rxe2 Kf7 31. Bxd6 Nxd6 32. Re5 Ne8 33. Rxd5
Nf6 34. Bc4 Ke7 35. Re5+ Kd7 36. g4 Re8 37. Rf5 Nxg4 38. Rg5 Ne3 39. Rxg7+ Re7
40. Rxe7+ Kxe7 41. Bd3 h6 42. Kf2 1/2-1/2

[Event "PokerStars IoM Masters 2014"]
[Site "Douglas ENG"]
[Date "2014.10.09"]
[Round "6.16"]
[White "Ferguson, Mark"]
[Black "Paehtz, Elisabeth"]
[Result "1-0"]
[WhiteTitle "IM"]
[BlackTitle "IM"]
[WhiteElo "2414"]
[BlackElo "2477"]
[WhiteFideId "403547"]
[BlackFideId "4641833"]
[EventDate "2014.10.04"]

1. e4 c5 2. Nf3 e6 3. b3 b6 4. Bb2 Bb7 5. Qe2 Nc6 6. Nc3 Nge7 7. O-O-O Ng6 8. h4
Nd4 9. Nxd4 cxd4 10. Nb5 e5 11. g3 Be7 12. h5 Nf8 13. Qg4 Ne6 14. Bc4 O-O 15.
Bd5 Bc6 16. c4 a6 17. Na3 b5 18. f4 Qa5 19. h6 g6 20. f5 Bxd5 21. exd5 Nc5 22.
Kb1 Nd3 23. fxg6 hxg6 24. Qe4 Bxa3 25. Bxa3 bxc4 26. h7+ Kh8 27. Be7 f5 28. Qh4
Qb6 29. d6 Kg7 30. h8=Q+ 1-0

[Event "PokerStars IoM Masters 2014"]
[Site "Douglas ENG"]
[Date "2014.10.09"]
[Round "6.17"]
[White "Wallis, Christopher"]
[Black "Hillarp Persson, Tiger"]
[Result "0-1"]
[WhiteTitle "FM"]
[BlackTitle "GM"]
[WhiteElo "2347"]
[BlackElo "2555"]
[WhiteFideId "3204839"]
[BlackFideId "1700812"]
[EventDate "2014.10.04"]

1. d4 Nf6 2. c4 g6 3. Nc3 Bg7 4. e4 d6 5. f3 O-O 6. Be3 c5 7. Nge2 Nc6 8. d5 Ne5
9. Ng3 h5 10. Be2 h4 11. Nf1 e6 12. Nd2 exd5 13. cxd5 h3 14. g4 Bxg4 15. fxg4
Nfxg4 16. Bf4 Bh6 17. Bxe5 Nxe5 18. Nf3 Nxf3+ 19. Bxf3 Qh4+ 20. Ke2 b5 21. Kd3
b4 22. Ne2 Qf6 23. Rf1 Qxb2 24. Qb3 Qe5 25. Qc4 Rab8 26. Rab1 a5 27. Bg4 Qg5 28.
Rf4 Qh4 29. Rg1 Bxf4 30. Nxf4 Qf2 31. Nxh3 Qxh2 32. e5 Qxe5 33. Nf4 Kg7 34. Be6
Rh8 35. Rg2 Rh1 36. Kc2 b3+ 37. axb3 Rb4 0-1

[Event "PokerStars IoM Masters 2014"]
[Site "Douglas ENG"]
[Date "2014.10.09"]
[Round "6.18"]
[White "Raznikov, Danny"]
[Black "Merry, Alan B"]
[Result "1/2-1/2"]
[WhiteTitle "IM"]
[BlackTitle "FM"]
[WhiteElo "2492"]
[BlackElo "2269"]
[WhiteFideId "2811154"]
[BlackFideId "418811"]
[EventDate "2014.10.04"]

1. d4 d5 2. Nf3 Bf5 3. c4 e6 4. Nc3 Nc6 5. cxd5 exd5 6. Bf4 Bd6 7. Nxd5 Be4 8.
Bxd6 Qxd6 9. Nc3 Bxf3 10. gxf3 Qxd4 11. Qxd4 Nxd4 12. O-O-O Ne6 13. e3 Nf6 14.
f4 g6 15. Bg2 c6 16. Bf3 Ke7 17. Kc2 Rad8 18. b4 Rxd1 19. Rxd1 Rd8 20. Rg1 Nc7
21. a4 Nfd5 22. Rb1 Nxc3 23. Kxc3 Nd5+ 24. Kc2 Nb6 25. Ra1 Nc4 26. Kc3 Nd6 27.
Rg1 Rc8 28. Rd1 c5 29. b5 b6 30. Bc6 a5 31. e4 Rd8 32. Rd2 Ne8 33. Rxd8 Kxd8 34.
Bxe8 Kxe8 35. Kc4 Kf8 36. Kd5 Kg7 37. e5 Kh6 38. Ke4 Kh5 39. f5 gxf5+ 40. Kxf5
Kh6 41. Kf6 c4 42. Kxf7 c3 43. e6 c2 44. e7 c1=Q 45. e8=Q Qf4+ 46. Ke7 Qxa4 47.
Qf8+ Kg6 48. Qf7+ Kh6 49. Qf8+ Kg6 50. Qf6+ Kh5 51. Qf5+ Kh6 52. Qe6+ Kh5 53.
Qxb6 Qb4+ 54. Kd7 a4 55. Qc6 a3 56. Qf3+ Qg4+ 1/2-1/2

[Event "PokerStars IoM Masters 2014"]
[Site "Douglas ENG"]
[Date "2014.10.09"]
[Round "6.19"]
[White "Haimovich, Tal"]
[Black "Jedynak, Radoslaw"]
[Result "1/2-1/2"]
[WhiteTitle "IM"]
[BlackTitle "GM"]
[WhiteElo "2365"]
[BlackElo "2453"]
[WhiteFideId "2801698"]
[BlackFideId "1109243"]
[EventDate "2014.10.04"]

1. d4 Nf6 2. c4 e6 3. Nc3 Bb4 4. e3 b6 5. Bd3 Bb7 6. Nf3 Ne4 7. O-O Nxc3 8. bxc3
Bxc3 9. Rb1 Ba5 10. e4 d6 11. Ba3 Nd7 12. c5 dxc5 13. dxc5 Rb8 14. Qa4 c6 15.
cxb6 axb6 16. Rfd1 Bc3 17. Bd6 Ra8 18. Qc2 Bf6 19. e5 Be7 20. Bxh7 Bxd6 21. Rxd6
Qc7 22. Rbd1 Nc5 23. Ng5 Qe7 24. h4 Kf8 25. R1d4 f6 26. exf6 gxf6 27. Qg6 fxg5
28. Qh6+ Qg7 29. Rd8+ Rxd8 30. Rxd8+ Kf7 31. Bg6+ Qxg6 32. Qxh8 Qg7 33. Qh5+ Ke7
34. Qe8+ Kf6 35. h5 g4 36. Rd1 Kf5 37. g3 Ba6 38. Qd8 Be2 39. Re1 Bf3 40. Qb8
Nd3 41. Qd6 Bd5 42. Rd1 Ne5 43. Qb8 b5 44. Kf1 Kg5 45. Qe8 Nf7 46. Rxd5+ cxd5
47. Qxe6 d4 48. Qd5+ Kh6 49. Qxb5 Qf6 50. a4 Nd6 51. Qd5 Nf5 52. Ke1 Kxh5 53. a5
Qe7+ 54. Kd1 Kg5 55. a6 Qa3 56. Qd8+ Kg6 57. Qe8+ Kf6 58. Qd8+ Ke6 59. Qc8+ Kf6
60. Qd8+ Kg6 61. Qg8+ Kh6 62. Qe6+ Kg5 63. Qg8+ Kf6 64. Qd8+ Ke6 1/2-1/2